000 00548nam a2200205 a 4500
001 BRCA_4160
005 20190320204551.0
008 060510s1968----mx-a######---#000-0#spa-#
041 _aspa
044 _amx
050 4 _aE111.C6
_b.C75 1968
245 1 0 _aCristóbal Colón.
260 _aMéxico
_bCultural y Educativa
_c1968
300 _a75 p.
_bil. (algunas a color)
_c30 cm.
440 0 _aLos Grandes de todos los tiempos
_v15
_910753
500 _aC192
600 1 4 _aColón, Cristóbal
_d1446-1506
_910754
902 _aGFM
942 _2lcc
_cB
999 _c3876
_d3876